000 00605nam a2200229 i 4500
001 C2-0103461
003 PPAK
005 20180727100723.0
008 970605s1994 my a|||| ||||| | eng d
020 _a9679004686
040 _aPPAK
_beng
_cPPAK
_erda
082 0 4 _a823
_223
090 0 0 _a823
_bBRA
_dK
245 0 0 _aBrave Amina
264 1 _aKuala Lumpur :
_bJaya Bakti ,
_c1994
300 _a32 pages :
_bcolour illustrations ;
_c20 cm
336 _2rdacontent
_atext
337 _2rdamedia
_aunmediated
338 _2rdacarrier
_avolume
650 1 0 _aChildren's Stories, English
942 _ddc
_cB
999 _c24539
_d24539